| 000 | 004200000a22001690004500 | ||
|---|---|---|---|
| 060 | _a100 | ||
| 082 | _a581.69 LON | ||
| 100 | _aLong, Harold C | ||
| 245 | _aPlants poisonous to livestock | ||
| 250 | _a2 | ||
| 260 | _aCambridge, The university press | ||
| 260 | _c1924 | ||
| 300 | _a120 | ||
| 490 | _aCambridge agricultural monographs | ||
| 650 | _aPlants-poisonous/poisonous plants/plants-toxic | ||
| 942 | _cBK | ||
| 999 |
_c363444 _d363444 |
||